MARC

LEADER 00000nam0a2200000 4500
001 236859
005 20231101231513.0
010 |a 5020080381 
035 |a (RuTPU)RU\TPU\book\258028 
090 |a 236859 
100 |a 20130506d1990 m y0rusy50 ca 
101 0 |a rus 
102 |a RU 
105 |a y z 001zy 
200 1 |a Оправдание случайностей  |f В. А. Шуков, Г. Н. Хон  |g Академия наук СССР (АН СССР), Институт философии (ИФ) 
210 |a Москва  |c Наука  |d 1990 
215 |a 155 с. 
320 |a Библиогр. в конце кн. 
600 0 |a Демокрит  |c древнегреческий философ  |f около 470/460 до н.э.-?  |2 stltpush  |3 (RuTPU)RU\TPU\pers\143  |9 83 
600 0 |a Эпикур  |c древнегреческий философ  |f 341-270 до н.э.  |2 stltpush  |3 (RuTPU)RU\TPU\pers\532  |9 252 
606 1 |a Случайность  |x Философская категория  |2 stltpush  |3 (RuTPU)RU\TPU\subj\55232  |9 73291 
610 1 |a история 
610 1 |a античная философия 
610 1 |a необходимость 
610 1 |a категории 
610 1 |a бытие 
610 1 |a развитие 
610 1 |a познание 
610 1 |a философия 
686 |a Ю212.72  |2 rubbk 
700 1 |a Шуков  |b В. А.  |g Валерий Александрович 
701 1 |a Хон  |b Г. Н.  |g Геннадий Николаевич 
712 0 2 |a Академия наук СССР (АН СССР)  |b Институт философии (ИФ)  |2 stltpush  |3 (RuTPU)RU\TPU\col\11338 
801 1 |a RU  |b 63413507  |c 20130506 
801 2 |a RU  |b 63413507  |c 20160202  |g RCR 
942 |c BK